000 00382pab a2200157 454500
008 180718b2011 xxu||||| |||| 00| 0 eng d
100 _aMani, Lata
245 _aHuman dignity and suffering: Some considerations
260 _c2011
300 _ap.23-26.
362 _a3 Sep
650 _aHuman rights
773 _aEconomic and Political Weekly
908 _aN
909 _a93133
999 _c93133
_d93133